000 00830nam a2200253Ia 4500
003 OSt
005 20220925203356.0
006 a|||||r|||| 00| 0
007 ta
008 220923b |||||||| |||| 00| 0 eng d
020 _a9780822351306
_c1349.7
037 _b749, 25/02/2013, Pranami Book Service
_cGeneral Book
040 _aRTL
_cRTL
_beng
041 _2eng
_aeng
082 _aY15:351.29S, Q2
100 _aJASSAL Smita Tewari
_925582
245 0 _aUnearthing gender
_b Folksongs of North India.
260 _aDurham
_bDuke University Press
_c2012
300 _axvi, 296p Bibliography: P 277-88
_ccm.
500 _aGlossary: P 271-75
650 _aSociology
942 _hY15:351.29S, Q2
_cGB
_2CC
999 _c546141
_d546141